000 00887 a2200229 4500
005 20260401141129.0
008 260401b |||||||| |||| 00| 0 eng d
020 _a9789383233434 (hbk)
037 _cTB
040 _aCRL
_cCRL
041 _2hin
_ahin
084 _aO152,6x Q4
_qTB
100 _aगौड़, बी. एल.
_9864254
245 _aयथार्थ से संवाद
260 _aनयी दिल्ली, भारत:
_bकिताबघर प्रकाशन,
_c2014.
300 _a231पृ.
365 _b400.00
_cINR
650 _aहिन्दी निबंध
650 _aहिन्दी साहित्य
942 _cTB
_2CC
_hO152,6x Q4
999 _c1467616
_d1467616